| 000 | 00473nam a2200181Ia 4500 | ||
|---|---|---|---|
| 001 | 19055 | ||
| 005 | 20260306171716.0 | ||
| 008 | 260306s9999||||xx |||||||||||||| ||und|| | ||
| 041 | _aESP | ||
| 082 |
_a658.8 _bE26 |
||
| 100 |
_aEdwards, Benjamín _eAUT |
||
| 245 | 0 |
_aMarketing en movimiento: _bcómo huir del equilibrio y el reposo creando valor |
|
| 260 | _c2020 | ||
| 300 |
_a186 páginas : _c23 cm. |
||
| 650 | _aGEN | ||
| 654 | _aCAN | ||
| 942 |
_cLIB _dJUS _fJUS _2ddc _n |
||
| 999 |
_c19055 _d19055 |
||